00348pab a2200133 454500008004000000100002500040245005500065260000900120300001300129362000800142650002100150650002500171773001800196180718b2004 xxu||||| |||| 00| 0 eng d aCanaleta, Carlos Gil aRegional economic disparities and decentralisation c2004 ap.71-94. aJan aDecentralization aRegional disparities aUrban Studies